000 00313nam a2200145Ia 4500
100 _aKissell thomas E
250 _a3
942 _cBK
654 _aindustrial
245 _aIndustrial electronics
260 _bPrentice Hall
_aNew Delhi
_c2003
082 _a629.89
_bKIS
300 _a904
546 _aENGLISH
999 _c34449
_d34449